Quiz Clair Obscur: Expédition 33 - Statistiques

Statistiques générales
  • Ce quiz a été pris 488 fois
    479 depuis la dernière actualisation
  • Le résultat moyen est 21 sur 33
Statistiques - réponses
Hint Réponse % Correct
Ce que collectionne Esquie ? Pierre
91%
Numéro de la toute première expédition ? 0 / zéro
90%
Que collectionne Monoco ? Pieds / Jambes
90%
Nombre d'Axons 3 ou 4
89%
Quel âge a Maelle ? 16 / Seize
87%
Lequel de ces noms est un névron: Remplisseur, Ruer, Ramasseur, Ricaneur Ramasseur
87%
Quel est le vrai nom de la peintresse ? Aline
82%
Posture "ultime" de maelle ? Virtuose
82%
En combien de victoires un picto équipé donne-il un lumina ? 4 / Quatre
80%
Comment appelle on la version "difficile" de chaque névron ? chromatique
77%
Combien de type d'Orphelins (névron) y a t'il ? 3 / Trois
75%
Quel personnage jouable est le seul à n'être jamais mort dans l'histoire ? Monoco
75%
Maitre de Monoco, qui est aussi son fils ? Noco
75%
Mari décédé de Sciel ? Pierre
73%
Ce que lance Gustave ? Pierre / Cailloux
72%
Comment s'appelle la Cheffe du village Gestral ? Golgra
71%
Quel attaque Gustave peut il charger grâce à son bras bionique ? Surcharge
69%
Quelle(s) expédition(s) a(ont) également atteint la Peintresse ? 0 / 60
68%
Qui est le boss final de la zone "esquisses de Renoir" ? Simon
68%
Quelle est la monnaie dans jeu ? chroma
65%
Nom de l'attaque gradient de niveau 3 de Maelle ? Gommage
65%
Sous quel nom connait-on le vrai Renoir jusqu'au début de l'acte III ? Conservateur
56%
Que y a t'il d'écrit sur le monolithe en endgame ? Papa va t'en
55%
Zone où l'on rencontre un bourgeon pour la première fois ? Océan suspendu / Floating Waers
53%
Quel ennemi donne comme récompense le picto "tricheur" ? Sprong
53%
Sur le continent, proche de la gare, on peut rencontrer l'évêque ________ Glacial / De glace
52%
Nom de la pierre d'Esquie qui lui permet de nager ? Florrie
50%
Nom du premier Névron rencontré en jouent Gustave sur le continent ? Lancelier
32%
Sur la carte du continent, que se trouve il sous le grand " C " ? Tour éternelle
28%
Quel Néron est le boss final des Terres Oubliées ? Duelliste
24%
quel est le nom du névron qui étourdi Gustave lors de l'extermination du reste de l'expédition lors de l'accostage sur le continent ? Noir
24%
Le Névron qui plante son épée dans son corps au début de son attaque ? Cultiste
19%
Névron des falaises de Rochevagues, qui nous tombe dessus lorsque on arrive la première fois. Il ressemble à un pilier horizontal sur pattes. Rocher
16%
Aucun quiz correspondant
Distribution des résultats
% des personnes avec chaque résultat
Percentile par nombre de réponses
Votre historique - résultats
Vous n’avez pas pris ce quiz depuis la dernière actualisation